|
|
|
|
| LEADER |
02078nam a22004815i 4500 |
| 001 |
978-3-540-32495-9 |
| 003 |
DE-He213 |
| 005 |
20151204190929.0 |
| 007 |
cr nn 008mamaa |
| 008 |
100806s2006 gw | s |||| 0|eng d |
| 020 |
|
|
|a 9783540324959
|9 978-3-540-32495-9
|
| 024 |
7 |
|
|a 10.1007/b100426
|2 doi
|
| 040 |
|
|
|d GrThAP
|
| 050 |
|
4 |
|a QD146-197
|
| 072 |
|
7 |
|a PNK
|2 bicssc
|
| 072 |
|
7 |
|a SCI013030
|2 bisacsh
|
| 082 |
0 |
4 |
|a 546
|2 23
|
| 245 |
1 |
0 |
|a Layered Double Hydroxides
|h [electronic resource] /
|c edited by X. Duan, David G. Evans.
|
| 264 |
|
1 |
|a Berlin, Heidelberg :
|b Springer Berlin Heidelberg,
|c 2006.
|
| 300 |
|
|
|a XII, 234 p.
|b online resource.
|
| 336 |
|
|
|a text
|b txt
|2 rdacontent
|
| 337 |
|
|
|a computer
|b c
|2 rdamedia
|
| 338 |
|
|
|a online resource
|b cr
|2 rdacarrier
|
| 347 |
|
|
|a text file
|b PDF
|2 rda
|
| 490 |
1 |
|
|a Structure and Bonding,
|x 0081-5993 ;
|v 119
|
| 505 |
0 |
|
|a D.G. Evans, R.C.T. Slade: Structural Aspects of Layered Double Hydroxides -- J. He, M. Wei, B. Li, Y. Kang, D.G. Evans, X. Duan: Preparation of Layered Double Hydroxides -- C. Taviot-Gueho, F. Leroux: In Situ Polymerization and Intercalation of Polymers in Layered Double Hydroxides -- G.R. Williams, A.I. Khan, D. O’Hare: Mechanistic and Kinetic Studies of Guest Ion Intercalation into Layered Double Hydroxides Using Time-Resolved, In-Situ X-Ray Powder Diffraction -- F. Li, X. Duan: Applications of Layered Double Hydroxides.
|
| 650 |
|
0 |
|a Chemistry.
|
| 650 |
|
0 |
|a Inorganic chemistry.
|
| 650 |
|
0 |
|a Physical chemistry.
|
| 650 |
|
0 |
|a Polymers.
|
| 650 |
1 |
4 |
|a Chemistry.
|
| 650 |
2 |
4 |
|a Inorganic Chemistry.
|
| 650 |
2 |
4 |
|a Polymer Sciences.
|
| 650 |
2 |
4 |
|a Physical Chemistry.
|
| 700 |
1 |
|
|a Duan, X.
|e editor.
|
| 700 |
1 |
|
|a Evans, David G.
|e editor.
|
| 710 |
2 |
|
|a SpringerLink (Online service)
|
| 773 |
0 |
|
|t Springer eBooks
|
| 776 |
0 |
8 |
|i Printed edition:
|z 9783540282792
|
| 830 |
|
0 |
|a Structure and Bonding,
|x 0081-5993 ;
|v 119
|
| 856 |
4 |
0 |
|u http://dx.doi.org/10.1007/b100426
|z Full Text via HEAL-Link
|
| 912 |
|
|
|a ZDB-2-CMS
|
| 950 |
|
|
|a Chemistry and Materials Science (Springer-11644)
|